Výkonnosť národného hospodárstva a agregátny dopyt v Slovenskej republike a v Českej republike po začatí ekonomickej reformy.
Údaje o vývoji hrubého domáceho produktu v r. 1991. Agregátny dopyt ako súhrn výdavkov rôznych ekonomických subjektov na spotrebu, bežnú výrobu a rozvojové účely. Zmeny štruktúry agregátneho dopytu v dôsledku nerovnomerného vývoja jeho jednotlivých súčastí počas sledovaného obdobia.
Guardado en:
| Autor principal: | |
|---|---|
| Formato: | Capítulo de libro |
| Lenguaje: | eslovaco |
| Materias: | |
| Etiquetas: |
Sin Etiquetas, Sea el primero en etiquetar este registro!
|
MARC
| LEADER | 00000naa a2200000 4500 | ||
|---|---|---|---|
| 001 | r009671 | ||
| 005 | 20220831090113.5 | ||
| 041 | 0 | |a slo | |
| 044 | |a [CS] | ||
| 245 | 1 | 0 | |a Výkonnosť národného hospodárstva a agregátny dopyt v Slovenskej republike a v Českej republike po začatí ekonomickej reformy. |c Ivan Okáli |
| 520 | |a Údaje o vývoji hrubého domáceho produktu v r. 1991. Agregátny dopyt ako súhrn výdavkov rôznych ekonomických subjektov na spotrebu, bežnú výrobu a rozvojové účely. Zmeny štruktúry agregátneho dopytu v dôsledku nerovnomerného vývoja jeho jednotlivých súčastí počas sledovaného obdobia. | ||
| 610 | 2 | 0 | |a hospodárstvo národné |
| 610 | 2 | 0 | |a dopyt |
| 610 | 2 | 0 | |a zmeny štruktúrne |
| 610 | 2 | 0 | |a vývoj hospodársky |
| 610 | 2 | 0 | |a reformy hospodárske |
| 610 | 2 | 0 | |a ČSFR |
| 610 | 2 | 0 | |a výkonnosť |
| 610 | 2 | 0 | |a produkt domáci hrubý |
| 610 | 2 | 0 | |a 1991 |
| 610 | 2 | 0 | |a výdavky na NH |
| 610 | 2 | 0 | |a údaje štatistické |
| 610 | 2 | 0 | |a porovnanie štatistické |
| 100 | 1 | |a Okáli, Ivan | |